000 00700cam a2200241 4500
001 1274305
005 20180202045126.0
008 710528s1971 kyu b 001 0 eng
010 _a 75132824
020 _a0813112354
040 _aDLC
_cDLC
_dDLC
041 _aeng
043 _aa-io---
_an-us---
080 _a630.71
082 0 0 _a630.71 BEE
100 1 _a19
101 _aSHP
245 1 3 _aAn American experience in Indonesia: the University of Kentucky affiliation with the Agricultural University at Bogor
_c[by] Howard W. Beers.
350 _a$12.50
504 _aIncludes bibliographical references.
906 _a7
_bcbc
_corignew
_d2
_encip
_f19
_gy-gencatlg
942 _2ddc
_cBK
999 _c41616
_d41616